000 00417nam a2200181Ia 4500
100 _aAnderson D/ Shanley Tom
650 _aPentium Processor
250 _a2
942 _cBK
366 _f10
654 _apentium processor
245 _aPentium Processor Systems Architecture
260 _bMindshare Addison Wesley
_c1995
082 _a004.165/AND
_bAND
300 _a432
546 _aENGLISH
999 _c33518
_d33518